000 06824cam a22007454i 4500
003 PE-LiUPU
005 20250731180144.0
008 150706s r 000 0 d
020 _a9788473602631
035 _a(Sirsi) i9788473602631
040 _aPE-LiUPU
_bspa
_cPE-LiUPU
_erda
049 _aPRUA
082 0 4 _a574.522 2
_bC252007
_221
100 1 _aCapó, Martí, Miguel A.,
_eautor.
245 1 0 _aPrincipios de ecotoxicología :
_bdiagnóstico, tratamiento y gestión del medio ambiente /
_cMiguel Andrés Capó Martí.
264 1 _aMadrid :
_bTébar,
_c2007.
300 _a320 páginas :
_bilustraciones ;
_c25 centímetros
336 _atext
_2rdacontent
337 _aunmediated
_2rdamedia
338 _avolume
_2rdacarrier
504 _aIncluye bibliografía.
505 0 _aEcoxitología y toxicología ambiental: Concepto y clasificación. Polución de los ecosistemas. Bioética del medio ambiente -- Procesos tóxicos en los ecosistemas. Ciclos de Contaminación ambientales. Bioacumulación: eutrofización, salinización y lixivación -- Destino y transporte de sustancias contaminantes. Biodegradación de polutantes. Biomagnificación y biodinámica de transformación los ecosistemas -- Contaminación por agentes físicos. Trastornos cronobiológicos por cambios de alternacia luz-oscuridad. Bioclimatología y biometeorología. Contaminación lumínica. Contaminación por ruido y vibraciones -- Biocontaminación por radiaciones ionizantes. Efectos de las radiaciones sobre los seres vivos. Radiaciones no ionizantes. Efectos adversos -- Contaminación atmosférica. Contaminantes aéreos. Efecto invernadero. Análisis de la contaminación. Profilaxis -- Contaminación del medio acuático. Tipos de polutantes acuáticos. Índices de calidad. Contaminación marina. Protección del medio hídrico e indicadores de polución -- Contaminación terrestre. Deterioro del suelo: desertización y desertificación. Alteración del paisaje, incendios y ocio -- Bioindicadores y biomarcadores. Biomonitores. Biosensores. Indicadores biológicos, Animal centinela. Bioensayos en medio ambiente -- -Evaluaciones en ecotoxicología. Cuantificación experimental de los efectos ecotoxicológicos. Monitorizaciones analíticas en toxicología ambiental y establecimiento de sensores. Análisis mediante vías criticas -- Biorremediación e ingeniería ambiental. Biotecnología ambiental. Contaminantes aéreos: procesos de depuración. Depuración de aguas: procesos físicos, químicos y biológicos. Residuos sólidos urbanos: compostaje e incineración. Residuos agroforestales y ganaderos. Ensilado -- Evaluación del impacto ambiental. Metodologías. Identificación y valoración de los impactos ambientales. Auditorías medioambientales. Fases y etapas de las ecoauditorías -- Ecoxitología y toxicología ambiental Concepto y clasificación. Polución de los ecosistemas. Bioética de los medios ambientales -- Aspectos jurídicos y sociales de la contaminación ambiental. Delito contra el medio ambiente. Normativa jurídica sobre residuos tóxicos. Sexto programa de actuación en materia de medio ambiente. Conferencia de Rilo de Janeiro. Declaración del Río sobre el medio ambiente y el desarrollo. Protocolo de Kioto.
526 _aSEG44
526 _aSEG26
526 _aP159
526 _aP155
526 _aP154
526 _aP153
526 _aP150
526 _aP100
526 _aP31
526 _aP30
526 _aP26
526 _aP25
526 _aP24
526 _aP22
526 _aP15
526 _aP10
541 _g015-0014331;
541 _g015-0015487;
541 _g015-001551;
541 _g015-0016195;
541 _g015-0012792;
541 _g030-0010752;
650 0 4 _aControl ambiental.
650 0 4 _aToxicología ecológica.
910 _agl
_bjv
_cng
_d20110519
942 _2ddc
_cBOOK
949 _a574.5222 C25 2007
_wDEWEY
_c1
_i62960
_d2015-8-25
_e2015-8-24
_lCCODEBUL1
_mBUL
_n1
_p49.00
_r0
_sY
_tBOOK
_u2015-7-6
_xINGENIERIA
_PP06
_0COMPRA
_o.STAFF. Colección General
949 _a574.5222 C25 2007
_wDEWEY
_c2
_i63843
_d2016-6-22
_e2016-6-21
_lCCODEBUL1
_mBUL
_n3
_p32.00
_r0
_sY
_tBOOK
_u2015-7-6
_xINGENIERIA
_PP24
_0COMPRA
_o.STAFF. Colección General
949 _a574.5222 C25 2007
_wDEWEY
_c3
_i65495
_d2016-7-15
_e2016-6-1
_lCCODEBUL1
_mBUL
_n2
_p59.00
_r0
_sY
_tBOOK
_u2015-7-6
_xINGENIERIA
_PP24
_0COMPRA
_o.STAFF. Colección General
949 _a574.5222 C25 2007
_wDEWEY
_c4
_i67472
_lCCODEBUL1
_mBUL
_p49.00
_r0
_sY
_tBOOK
_u2015-7-24
_xINGENIERIA
_PP24
_0COMPRA
_o.STAFF. Colección General
949 _a574.5222 C25 2007
_wDEWEY
_c5
_i68258
_d2016-5-30
_e2016-5-27
_mBUL
_n3
_p49.00
_r0
_sY
_tBOOK
_u2015-7-24
_xINGENIERIA
_PP24
_0COMPRA
_o.STAFF. Colección General
949 _a574.5222 C25 2007
_wDEWEY
_c6
_i69228
_d2016-6-3
_e2016-5-31
_lCCODEBUL1
_mBUL
_n3
_p49.00
_r0
_sY
_tBOOK
_u2015-7-24
_xINGENIERIA
_PP24
_0COMPRA
_o.STAFF. Colección General
949 _a574.5222 C25 2007
_wDEWEY
_c7
_i70076
_d2016-6-9
_e2016-6-7
_lCCODEBUL1
_mBUL
_n3
_p32.00
_r0
_sY
_tBOOK
_u2015-7-24
_xINGENIERIA
_PP24
_0COMPRA
_o.STAFF. Colección General
994 _aC0
_bPEPRU
596 _a1
999 _a574.5222 C25 2007
_wDEWEY
_c51980
_i62960
_d51980
_e2018-3-9
_f2021-11-9
_g7
_lCCODEBUL1
_mBUL
_n2
_p49.00
_q2
_r0
_sY
_tBOOK
_u2015-7-6
_xINGENIERIA
_PP06
_0COMPRA
_o.STAFF. Colección General
999 _a574.5222 C25 2007
_wDEWEY
_c2
_i63843
_d2016-6-22
_e2016-6-21
_f2021-11-9
_g7
_lCCODEBUL1
_mBUL
_n3
_p32.00
_r0
_sY
_tBOOK
_u2015-7-6
_xINGENIERIA
_PP24
_0COMPRA
_o.STAFF. Colección General
999 _a574.5222 C25 2007
_wDEWEY
_c3
_i65495
_d2016-7-15
_e2016-6-1
_f2021-11-9
_g7
_lCCODEBUL1
_mBUL
_n2
_p59.00
_r0
_sY
_tBOOK
_u2015-7-6
_xINGENIERIA
_PP24
_0COMPRA
_o.STAFF. Colección General
999 _a574.5222 C25 2007
_wDEWEY
_c4
_i67472
_d2019-11-13
_e2019-11-11
_f2021-11-9
_g7
_lCCODEBUL1
_mBUL
_n3
_p49.00
_q1
_r0
_sY
_tBOOK
_u2015-7-24
_xINGENIERIA
_PP24
_0COMPRA
_o.STAFF. Colección General
999 _a574.5222 C25 2007
_wDEWEY
_c5
_i68258
_d2016-5-30
_e2016-5-27
_f2021-11-9
_g7
_lCCODEBUL1
_mBUL
_n3
_p49.00
_r0
_sY
_tBOOK
_u2015-7-24
_xINGENIERIA
_PP24
_0COMPRA
_o.STAFF. Colección General
999 _a574.5222 C25 2007
_wDEWEY
_c6
_i69228
_d2016-6-3
_e2016-5-31
_f2021-11-9
_g7
_lCCODEBUL1
_mBUL
_n3
_p49.00
_r0
_sY
_tBOOK
_u2015-7-24
_xINGENIERIA
_PP24
_0COMPRA
_o.STAFF. Colección General
999 _a574.5222 C25 2007
_wDEWEY
_c7
_i70076
_d2016-6-9
_e2016-6-7
_f2021-11-9
_g7
_lCCODEBUL1
_mBUL
_n3
_p32.00
_r0
_sY
_tBOOK
_u2015-7-24
_xINGENIERIA
_PP24
_0COMPRA
_o.STAFF. Colección General
980 _81
_gALBERTO SANCHEZ Responsable de Automatización